000 00822cam a2200181 4500
001 WS119286
008 020809n 000 0 eng u
035 _a(Sirsi) u119286
110 _aCo-operative Research Centre for Construction Innovation
_94331
245 _aCo-operative Research Centre for Construction Innovation
520 _aWeb site for this research body set up by the Australian government which aims 'to increase national prosperity through world class Australian scientific construction and asset management'. Includes details of current research projects.
650 _aRESEARCH
650 _aAUSTRALIA
650 _aCONSTRUCTION INDUSTRY
690 _aBUILT ENVIRONMENT
856 4 0 _uhttps://www.cmp.bee.qut.edu.au/crc
_zView the website free of charge at www.cmp.bee.qut.edu.au/crc...
942 _n0
999 _c120168
_d120168